La Culture ibéro-languedocienne aux VIe.-Ve siècles / par Yves Solier
Descripción Física:
p. 211-264 : il. ; 27 cm
Colección:
Monografies ; 58
Materias:
Ibers -- Llenguadoc (França)
MARC
| LEADER | 00000nam a2200000Ia 4500 | ||
|---|---|---|---|
| 001 | 7824 | ||
| 008 | 160829s1976 - 1978 xx 000 0 cat d | ||
| 080 | |a H-2-92 | ||
| 100 | |a Solier, Yves |9 30143 | ||
| 245 | |a La Culture ibéro-languedocienne aux VIe.-Ve siècles / par Yves Solier | ||
| 260 | |a Barcelona : |b Diputació. Institut de Prehistòria i Arqueologia, |c 1976 - 1978 | ||
| 300 | |a p. 211-264 : |b il. ; |c 27 cm | ||
| 490 | |a Monografies ; 58 | ||
| 590 | |a Separata d'Ampurias ; 38-40. | ||
| 590 | |a Simposi internacional: Els orígens del món ibèric. Barcelona - Empúries, 1977 | ||
| 650 | |a Ibers |x Llenguadoc (França) |9 30144 | ||
| 710 | 2 | |a Institut de Prehistòria i Arqueologia (Barcelona, Catalunya) |9 52785 | |
| 901 | |a Arxiu | ||
| 942 | |n 1 | ||
| 952 | |0 0 |1 0 |4 0 |6 H292 |7 1 |9 45291 |a Arxiu |b Arxiu |d 2016-12-01 |l 0 |o H-2-92 |p 7824 |r 2016-12-01 00:00:00 |w 2016-12-01 |y ARXIU | ||
| 999 | |c 48365 |d 48365 | ||